[Event "5. Open Memorial Pedro Lezcano 2012"]
[Site "Gran Canaria ESP"]
[Date "2012.04.04"]
[Round "3.26"]
[White "Rodriguez Manzaneda, Irene"]
[Black "Lopez Colon, Francisco"]
[Result "0-1"]
[WhiteElo "1686"]
[BlackElo "2106"]
[PlyCount "124"]
[EventDate "2012.04.02"]
[EventType "swiss"]
[EventRounds "9"]
[EventCountry "ESP"]
[Source "lmi"]
[SourceDate "2012.04.02"]

1. e4 d6 2. d4 Nf6 3. Nc3 g6 4. f4 Bg7 5. Nf3 O-O 6. Be3 Nbd7 7. Qd2 Ng4 8. Bg1
c5 9. h3 cxd4 10. Bxd4 Ngf6 11. O-O-O Qa5 12. g4 Nc5 13. e5 dxe5 14. Nxe5 Be6
15. Bc4 Rad8 16. Qf2 Nfe4 17. Nxe4 Nxe4 18. Qe1 Qxe1 19. Rhxe1 Bxc4 20. Nxc4
Bxd4 21. Rxe4 Bc5 22. a4 Rxd1+ 23. Kxd1 Rd8+ 24. Ke2 e6 25. Ne5 Bd4 26. c3 Bxe5
27. Rxe5 Kg7 28. Re3 Rd7 29. Rd3 Rc7 30. b4 h6 31. Kd2 g5 32. Rd4 gxf4 33. Rxf4
e5 34. Re4 f6 35. Kd3 Kg6 36. c4 b6 37. Kc3 h5 38. Kd3 hxg4 39. hxg4 Kg5 40.
Ke3 a5 41. bxa5 bxa5 42. Kf3 Rh7 43. Kg2 Rb7 44. Kf3 Rb1 45. Ke3 Ra1 46. Kd3
Ra3+ 47. Kc2 Rxa4 48. Kb3 Rb4+ 49. Kc3 Rb1 50. Kc2 Rb8 51. c5 Rc8 52. Rc4 e4
53. Kd2 Kf4 54. Ke2 a4 55. c6 a3 56. c7 a2 57. Ra4 Rxc7 58. Rxa2 Rc6 59. Ra4
Rc2+ 60. Kf1 Kf3 61. Ke1 e3 62. Ra1 Rh2 0-1

[Event "5. Open Memorial Pedro Lezcano 2012"]
[Site "Gran Canaria ESP"]
[Date "2012.04.04"]
[Round "3.27"]
[White "Sanchez Quintero, Raul"]
[Black "Sanchez Ramirez, Gustavo"]
[Result "1-0"]
[WhiteElo "2084"]
[BlackElo "1641"]
[PlyCount "133"]
[EventDate "2012.04.02"]
[EventType "swiss"]
[EventRounds "9"]
[EventCountry "ESP"]
[Source "lmi"]
[SourceDate "2012.04.02"]

1. e4 c5 2. Nf3 Nc6 3. d4 cxd4 4. Nxd4 e5 5. Nb5 a6 6. Nd6+ Bxd6 7. Qxd6 Qe7 8.
Qxe7+ Ngxe7 9. Nc3 O-O 10. Bc4 Nd4 11. Kd1 d6 12. Bg5 Ng6 13. Nd5 Bg4+ 14. Kd2
Rac8 15. Ne3 Be6 16. c3 Bxc4 17. cxd4 exd4 18. Nxc4 Rxc4 19. Kd1 Rfc8 20. Rc1
f6 21. Rxc4 Rxc4 22. Bd2 d3 23. b3 Rxe4 24. Be3 Ne5 25. Kd2 d5 26. f3 Rb4 27.
Rc1 d4 28. Bf2 Kf7 29. h3 g5 30. Rc7+ Kg6 31. Bg3 a5 32. Bxe5 fxe5 33. Kxd3 a4
34. bxa4 Rxa4 35. Rxb7 Rxa2 36. g4 Rf2 37. Rb6+ Kf7 38. Ke4 Re2+ 39. Kf5 d3 40.
Rb7+ Ke8 41. Ke6 Kd8 42. Rd7+ Ke8 43. Rxd3 Rh2 44. Ra3 Kf8 45. Kf6 Ke8 46. Kxg5
Rxh3 47. Kf5 h5 48. Ke6 Kf8 49. Kf6 Ke8 50. g5 Rg3 51. g6 e4 52. Ra8+ Kd7 53.
fxe4 Rf3+ 54. Kg5 Rg3+ 55. Kxh5 Ke6 56. Rf8 Ke5 57. Kh6 Rh3+ 58. Kg7 Kxe4 59.
Kg8 Ke5 60. g7 Ke6 61. Rf1 Ke7 62. Re1+ Kd7 63. Re4 Rh2 64. Kf7 Rf2+ 65. Kg6
Rg2+ 66. Kf6 Rf2+ 67. Kg5 1-0

[Event "5. Open Memorial Pedro Lezcano 2012"]
[Site "Gran Canaria ESP"]
[Date "2012.04.04"]
[Round "3.29"]
[White "Nortes Hernandez, Pedro"]
[Black "Quiza Vazquez, Carolina"]
[Result "1-0"]
[WhiteElo "2048"]
[BlackElo "1612"]
[PlyCount "113"]
[EventDate "2012.04.02"]
[EventType "swiss"]
[EventRounds "9"]
[EventCountry "ESP"]
[Source "lmi"]
[SourceDate "2012.04.02"]

1. e4 c6 2. d4 d5 3. Nc3 dxe4 4. Nxe4 Bf5 5. Ng3 Bg6 6. h4 h6 7. Nf3 Nd7 8. h5
Bh7 9. Bd3 Bxd3 10. Qxd3 e6 11. Bf4 Qa5+ 12. Bd2 Bb4 13. c3 Be7 14. c4 Qc7 15.
O-O-O Ngf6 16. Kb1 O-O-O 17. Bc3 Bd6 18. Ne4 Nxe4 19. Qxe4 Nf6 20. Qe2 c5 21.
dxc5 Qxc5 22. Nd4 Rhe8 23. Nb5 Bb8 24. g4 a6 25. Nd4 Bc7 26. f3 Rd7 27. Nb3
Rxd1+ 28. Rxd1 Qe7 29. Nd4 Rd8 30. Kc2 Qd6 31. Rd2 Qf4 32. b4 Qe5 33. Qf2 Qf4
34. Qe2 Qe5 35. Qf2 Qf4 36. Kb3 Qg3 37. Qe2 Qe5 38. Qf1 Qg5 39. Qe2 Qf4 40. Rd1
Qh2 41. Kc2 Qe5 42. Qxe5 Bxe5 43. Ne2 Rxd1 44. Kxd1 Bxc3 45. Nxc3 Nd7 46. Ke2
Ne5 47. c5 Nc6 48. a3 Nd4+ 49. Kf2 Nc2 50. b5 Nxa3 51. bxa6 bxa6 52. Ne4 Nb5
53. Ke3 Kd7 54. g5 hxg5 55. Nxg5 f6 56. Ne4 Ke7 57. Kd3 1-0

[Event "5. Open Memorial Pedro Lezcano 2012"]
[Site "Gran Canaria ESP"]
[Date "2012.04.04"]
[Round "3.30"]
[White "Monteiro Rodrigues, Carlos"]
[Black "Rodriguez Lorenzo, Yadira"]
[Result "0-1"]
[WhiteElo "1619"]
[BlackElo "2042"]
[PlyCount "64"]
[EventDate "2012.04.02"]
[EventType "swiss"]
[EventRounds "9"]
[EventCountry "ESP"]
[Source "lmi"]
[SourceDate "2012.04.02"]

1. e4 e6 2. d4 d5 3. Nd2 Nf6 4. e5 Ne4 5. Nxe4 dxe4 6. Ne2 c5 7. Be3 Nc6 8. c3
cxd4 9. cxd4 Bb4+ 10. Nc3 O-O 11. Bc4 Ne7 12. O-O Bxc3 13. bxc3 Bd7 14. Bg5 Rc8
15. Qb3 h6 16. Bd2 Bc6 17. Rac1 Nf5 18. Rfd1 a6 19. Be3 Qa5 20. Qb2 Rfd8 21.
Bb3 b5 22. Bd2 Qb6 23. a3 Qb7 24. Be3 Bd5 25. Bxd5 Qxd5 26. Rd2 Rc4 27. h3 Rdc8
28. Rdc2 Ne7 29. Kh2 Qc6 30. Bd2 a5 31. Rb1 b4 32. Rbc1 Nd5 0-1

[Event "5. Open Memorial Pedro Lezcano 2012"]
[Site "Gran Canaria ESP"]
[Date "2012.04.04"]
[Round "3.31"]
[White "Falcon Diaz, Francisco Samuel"]
[Black "Cruz Pino, Adrian"]
[Result "0-1"]
[WhiteElo "1600"]
[BlackElo "2011"]
[PlyCount "46"]
[EventDate "2012.04.02"]
[EventType "swiss"]
[EventRounds "9"]
[EventCountry "ESP"]
[Source "lmi"]
[SourceDate "2012.04.02"]

1. e4 c5 2. Nf3 d6 3. d4 cxd4 4. Nxd4 Nf6 5. Nc3 a6 6. Be2 e5 7. Nf3 Be7 8. O-O
O-O 9. Bg5 Nbd7 10. Qd2 h6 11. Be3 b6 12. Bc4 b5 13. Bd5 Rb8 14. Ba7 Nxd5 15.
Nxd5 Rb7 16. Be3 Nf6 17. Nxf6+ Bxf6 18. Rfd1 Rd7 19. a4 bxa4 20. Rxa4 Bb7 21.
Bc5 dxc5 22. Qxd7 Qxd7 23. Rxd7 Bc6 0-1

[Event "5. Open Memorial Pedro Lezcano 2012"]
[Site "Gran Canaria ESP"]
[Date "2012.04.04"]
[Round "3.33"]
[White "Perez Barreto, Adrian"]
[Black "Antonini, Roberto"]
[Result "1-0"]
[WhiteElo "1956"]
[BlackElo "1584"]
[PlyCount "105"]
[EventDate "2012.04.02"]
[EventType "swiss"]
[EventRounds "9"]
[EventCountry "ESP"]
[Source "lmi"]
[SourceDate "2012.04.02"]

1. d4 d5 2. c4 c6 3. Nf3 e6 4. Nc3 g6 5. e4 dxe4 6. Nxe4 Bg7 7. Bf4 Ne7 8. Nd6+
Kf8 9. Ne5 Bxe5 10. dxe5 Qa5+ 11. Qd2 Qxd2+ 12. Kxd2 h6 13. Rd1 Nd7 14. Kc2 Nb6
15. b3 Nf5 16. Nxf5 exf5 17. Rd8+ Kg7 18. Rxh8 Kxh8 19. Bxh6 Be6 20. Bg5 Nd7
21. Be7 Re8 22. Bd6 f4 23. Bd3 Kg7 24. h4 Bg4 25. f3 Bf5 26. Re1 Rd8 27. Bxf5
gxf5 28. e6 fxe6 29. Rxe6 Kf7 30. Re7+ Kf6 31. Rh7 Kg6 32. Re7 Kf6 33. Re2 Rh8
34. Be7+ Kf7 35. Bg5 Re8 36. Rxe8 Kxe8 37. Bxf4 Kf7 38. Kc3 Nf6 39. Kd4 Ke6 40.
Ke3 a6 41. Bg5 Nd7 42. h5 Ne5 43. h6 Ng6 44. g4 fxg4 45. fxg4 Ke5 46. Bd8 Ke6
47. Ke4 Nf8 48. g5 Kf7 49. Kf5 b5 50. c5 Ng6 51. h7 Kg7 52. h8=Q+ Nxh8 53. Bf6+
1-0

[Event "5. Open Memorial Pedro Lezcano 2012"]
[Site "Gran Canaria ESP"]
[Date "2012.04.04"]
[Round "3.34"]
[White "Roque Hernandez, Francisco"]
[Black "Mayor Gonzalez, Julio"]
[Result "0-1"]
[WhiteElo "1587"]
[BlackElo "1943"]
[PlyCount "56"]
[EventDate "2012.04.02"]
[EventType "swiss"]
[EventRounds "9"]
[EventCountry "ESP"]
[Source "lmi"]
[SourceDate "2012.04.02"]

1. Nf3 d5 2. e3 e6 3. d4 Nf6 4. Bd3 c5 5. c4 Nc6 6. O-O Be7 7. Nc3 dxc4 8. Bxc4
O-O 9. Bb3 b6 10. Re1 Bb7 11. h3 Rc8 12. dxc5 Bxc5 13. Qe2 Qe7 14. Rd1 Rfd8 15.
Bd2 Nb4 16. Be1 Nbd5 17. a3 h6 18. Rac1 Bd6 19. Bc2 e5 20. Bb3 Nc7 21. Nh2 Ne6
22. e4 Nd4 23. Rxd4 exd4 24. Nd5 Nxd5 25. Rxc8 Bxh2+ 26. Kxh2 Rxc8 27. Bxd5
Bxd5 28. Qa6 Qb7 0-1

[Event "5. Open Memorial Pedro Lezcano 2012"]
[Site "Gran Canaria ESP"]
[Date "2012.04.04"]
[Round "3.35"]
[White "Suarez Ramirez, Jonay"]
[Black "Guerrero Romero, Antonio"]
[Result "0-1"]
[WhiteElo "1492"]
[BlackElo "1933"]
[PlyCount "60"]
[EventDate "2012.04.02"]
[EventType "swiss"]
[EventRounds "9"]
[EventCountry "ESP"]
[Source "lmi"]
[SourceDate "2012.04.02"]

1. d4 Nf6 2. c4 e6 3. Nc3 b6 4. Bg5 Be7 5. g3 Bb7 6. Nf3 h6 7. Bf4 O-O 8. h4 d5
9. cxd5 Nxd5 10. Nxd5 Bxd5 11. Qd3 c5 12. dxc5 Bxc5 13. Bg2 f5 14. h5 Nc6 15.
O-O Qe8 16. Ne5 Nb4 17. Qc3 Qxh5 18. a3 Bxg2 19. Kxg2 Nd5 20. Qd2 Rad8 21. Rh1
Nxf4+ 22. Qxf4 Qxe2 23. b4 Bxf2 24. Qxf2 Qxe5 25. Rhe1 Qd5+ 26. Kh3 f4 27. gxf4
Qf5+ 28. Kg3 g5 29. Kg2 Qg4+ 30. Qg3 Rd2+ 0-1

[Event "5. Open Memorial Pedro Lezcano 2012"]
[Site "Gran Canaria ESP"]
[Date "2012.04.04"]
[Round "3.36"]
[White "Rodriguez Perez, Jezabel"]
[Black "Morales Sanchez, Domingo"]
[Result "1-0"]
[WhiteElo "1902"]
[BlackElo "1555"]
[PlyCount "67"]
[EventDate "2012.04.02"]
[EventType "swiss"]
[EventRounds "9"]
[EventCountry "ESP"]
[Source "lmi"]
[SourceDate "2012.04.02"]

1. Nf3 Nc6 2. d4 d5 3. c4 Nf6 4. Nc3 g6 5. cxd5 Nxd5 6. e4 Nxc3 7. bxc3 Bg7 8.
Bc4 O-O 9. Ba3 Na5 10. Bd3 c6 11. O-O b5 12. Qe2 a6 13. Nd2 Re8 14. f4 e6 15.
e5 Ra7 16. Ne4 Rd7 17. Nd6 Nb7 18. Nxe8 Qxe8 19. Be4 Rd8 20. Qf3 Bd7 21. Bb4 f5
22. Bd3 Bf8 23. Bxf8 Qxf8 24. a4 Rb8 25. axb5 axb5 26. Ra7 Qc8 27. Rfa1 Kh8 28.
R1a6 Qc7 29. h4 h5 30. Qg3 Kh7 31. Qg5 Be8 32. Qf6 Bf7 33. Ra8 Rd8 34. Rxd8 1-0

[Event "5. Open Memorial Pedro Lezcano 2012"]
[Site "Gran Canaria ESP"]
[Date "2012.04.04"]
[Round "3.37"]
[White "Santana Rodriguez, Jose Raul"]
[Black "Marrero Cardenes, Agustin"]
[Result "0-1"]
[WhiteElo "1823"]
[BlackElo "1895"]
[PlyCount "82"]
[EventDate "2012.04.02"]
[EventType "swiss"]
[EventRounds "9"]
[EventCountry "ESP"]
[Source "lmi"]
[SourceDate "2012.04.02"]

1. d4 d5 2. c4 c6 3. Nc3 e6 4. Nf3 dxc4 5. a4 Bb4 6. Ne5 b5 7. g3 Nf6 8. Bg5 h6
9. Bxf6 gxf6 10. Ng4 h5 11. Ne3 Bb7 12. Bg2 Qc7 13. O-O Bxc3 14. bxc3 Nd7 15.
Qc2 Nb6 16. axb5 cxb5 17. Rfe1 h4 18. Ng4 Bxg2 19. Kxg2 Ke7 20. e4 Na4 21. Qc1
Qd6 22. e5 Qc6+ 23. f3 Rag8 24. Qa3+ Kd8 25. Nxf6 h3+ 26. Kf2 Rg6 27. Qb4 Kc8
28. Ne4 a6 29. Nd6+ Kd7 30. Nxf7 Ra8 31. Nd6 Nb6 32. Ne4 Nd5 33. Qb1 Rg7 34.
Qc1 Rf7 35. Ng5 Rf5 36. g4 Nf4 37. Kg3 Rg8 38. gxf5 Rxg5+ 39. Kxf4 Rxf5+ 40.
Ke3 Qxf3+ 41. Kd2 Qd3# 0-1

[Event "5. Open Memorial Pedro Lezcano 2012"]
[Site "Gran Canaria ESP"]
[Date "2012.04.04"]
[Round "3.38"]
[White "Aguila Hernandez, Eduardo"]
[Black "Guerrero Orihuela, Jose Luis"]
[Result "1-0"]
[WhiteElo "1864"]
[BlackElo "1463"]
[PlyCount "47"]
[EventDate "2012.04.02"]
[EventType "swiss"]
[EventRounds "9"]
[EventCountry "ESP"]
[Source "lmi"]
[SourceDate "2012.04.02"]

1. e4 c5 2. Nf3 d6 3. d4 cxd4 4. Nxd4 Nf6 5. Nc3 g6 6. Be3 Bg7 7. Bc4 O-O 8. f3
Nc6 9. Bb3 Bd7 10. Qd2 Rc8 11. g4 Ne5 12. h4 h5 13. gxh5 Nxh5 14. O-O-O b5 15.
Bh6 a5 16. Bxg7 Kxg7 17. a3 b4 18. axb4 axb4 19. Nb1 Qc7 20. Rhg1 Nc4 21. Qg5
Na5 22. Be6 Rh8 23. Nf5+ Kg8 24. Qxg6+ 1-0

[Event "5. Open Memorial Pedro Lezcano 2012"]
[Site "Gran Canaria ESP"]
[Date "2012.04.04"]
[Round "3.42"]
[White "Sanchez Montesdeoca, Isaac"]
[Black "Diaz Suarez, Cayetano"]
[Result "0-1"]
[WhiteElo "1775"]
[BlackElo "1827"]
[PlyCount "72"]
[EventDate "2012.04.02"]
[EventType "swiss"]
[EventRounds "9"]
[EventCountry "ESP"]
[Source "lmi"]
[SourceDate "2012.04.02"]

1. e4 Nf6 2. Nc3 d5 3. exd5 Nxd5 4. Bc4 e6 5. Qf3 Nb6 6. Bb3 Be7 7. Nge2 Bd7 8.
d4 Bc6 9. Qg4 a5 10. a3 a4 11. Ba2 Bf6 12. Be3 h5 13. Qh3 g5 14. O-O-O g4 15.
Qg3 Ra5 16. Rhe1 Bh4 17. Qf4 Rf5 18. d5 Rxf4 19. dxc6 Qf6 20. Nxf4 Bxf2 21.
Bxf2 Qxf4+ 22. Be3 Qxh2 23. Bd4 O-O 24. Be5 Qxg2 25. Ne4 Nxc6 26. Nf6+ Kh8 27.
Bc3 Rd8 28. Rxd8+ Nxd8 29. Nxg4+ Kh7 30. Nf6+ Kg6 31. Ne8 Nc6 32. Bd2 Nd4 33.
Bb1 f5 34. Nxc7 Nf3 35. Rxe6+ Kf7 36. Ba2 Qxd2+ 0-1

[Event "5. Open Memorial Pedro Lezcano 2012"]
[Site "Gran Canaria ESP"]
[Date "2012.04.04"]
[Round "3.43"]
[White "Guedes Lopez, Mario"]
[Black "Martinez Rubio, Felipe"]
[Result "1/2-1/2"]
[WhiteElo "1476"]
[BlackElo "1853"]
[PlyCount "98"]
[EventDate "2012.04.02"]
[EventType "swiss"]
[EventRounds "9"]
[EventCountry "ESP"]
[Source "lmi"]
[SourceDate "2012.04.02"]

1. b3 Nf6 2. Bb2 e6 3. e3 d5 4. Bb5+ Bd7 5. Bxd7+ Nbxd7 6. Nf3 Bd6 7. d4 O-O 8.
Nbd2 c5 9. O-O b5 10. Ne5 Qc7 11. f4 Rab8 12. Nxd7 Nxd7 13. dxc5 Nxc5 14. Bd4
f6 15. Rc1 Rbe8 16. Qf3 Qf7 17. e4 dxe4 18. Nxe4 Nxe4 19. Qxe4 e5 20. fxe5 Bxe5
21. Bxe5 Rxe5 22. Qxe5 fxe5 23. Rxf7 Rxf7 24. c4 Rc7 25. Kf2 Kf7 26. Ke3 Ke6
27. Ke4 Rc5 28. Rc3 bxc4 29. Rxc4 Ra5 30. a4 Kd6 31. Rb4 Rd5 32. Rb7 Rd4+ 33.
Ke3 Rg4 34. g3 h5 35. Rxa7 g5 36. Ra8 Rb4 37. Ra6+ Ke7 38. a5 Rxb3+ 39. Ke4 Rb5
40. Rh6 h4 41. gxh4 gxh4 42. a6 Ra5 43. a7 Kf7 44. Rxh4 Kg7 45. Rh5 Rxa7 46.
Rxe5 Ra2 47. Rh5 Kg6 48. Rh3 Kg5 49. Rg3+ Kh4 1/2-1/2

[Event "5. Open Memorial Pedro Lezcano 2012"]
[Site "Gran Canaria ESP"]
[Date "2012.04.05"]
[Round "4.1"]
[White "Del Rio De Angelis, Salvador G"]
[Black "Gutierrez Olivares, Daniel"]
[Result "1/2-1/2"]
[WhiteElo "2533"]
[BlackElo "2281"]
[PlyCount "120"]
[EventDate "2012.04.02"]
[EventType "swiss"]
[EventRounds "9"]
[EventCountry "ESP"]
[Source "lmi"]
[SourceDate "2012.04.02"]

1. d4 Nf6 2. c4 e6 3. Nc3 Bb4 4. e3 c5 5. Nge2 b6 6. a3 Ba5 7. Rb1 Na6 8. g3
Bb7 9. d5 b5 10. Bg2 bxc4 11. e4 O-O 12. O-O d6 13. Qa4 Bxc3 14. bxc3 Qc8 15.
dxe6 fxe6 16. Qxc4 Nc7 17. Rd1 Ba6 18. Qa2 d5 19. exd5 exd5 20. Nf4 Bc4 21. Qc2
Qa6 22. Be3 Qa5 23. Nd3 Ng4 24. Bf4 Nb5 25. Nb2 Qxc3 26. Qxc3 Nxc3 27. Nxc4
dxc4 28. Bd5+ Kh8 29. Bxa8 Rxa8 30. Rbc1 Nxd1 31. Rxd1 Nf6 32. Rc1 Nd5 33. Rxc4
Nxf4 34. Rxf4 Kg8 35. Kf1 Re8 36. Rf5 Rc8 37. Ke2 Rc6 38. h4 Ra6 39. Rf3 Rb6
40. Kd2 Rb2+ 41. Kc3 Re2 42. Kc4 Rc2+ 43. Kb5 g6 44. a4 c4 45. Kb4 Kg7 46. Rf4
h6 47. Rf3 g5 48. h5 Rb2+ 49. Kxc4 a5 50. Kd5 Ra2 51. Ke6 Re2+ 52. Re3 Rxf2 53.
Re4 Rf3 54. g4 Rf6+ 55. Kd5 Rf2 56. Re7+ Kg8 57. Rc7 Rd2+ 58. Ke6 Rd4 59. Kf6
Rb4 60. Rc6 Kh7 1/2-1/2

[Event "5. Open Memorial Pedro Lezcano 2012"]
[Site "Gran Canaria ESP"]
[Date "2012.04.05"]
[Round "4.2"]
[White "Bressac, Stephane"]
[Black "Espinosa Aranda, Angel"]
[Result "1/2-1/2"]
[WhiteElo "2243"]
[BlackElo "2399"]
[PlyCount "30"]
[EventDate "2012.04.02"]
[EventType "swiss"]
[EventRounds "9"]
[EventCountry "ESP"]
[Source "lmi"]
[SourceDate "2012.04.02"]

1. e4 c5 2. Nf3 Nc6 3. d4 cxd4 4. Nxd4 Nf6 5. Nc3 d6 6. g3 g6 7. Bg2 Nxd4 8.
Qxd4 Bg7 9. Bg5 h6 10. Be3 O-O 11. Qd2 Kh7 12. O-O Be6 13. Nd5 Nxd5 14. exd5
Bf5 15. c4 Qd7 1/2-1/2

[Event "5. Open Memorial Pedro Lezcano 2012"]
[Site "Gran Canaria ESP"]
[Date "2012.04.05"]
[Round "4.4"]
[White "De La Cruz Sanchez, Carlos G"]
[Black "Kurajica, Bojan"]
[Result "1/2-1/2"]
[WhiteElo "2288"]
[BlackElo "2548"]
[PlyCount "86"]
[EventDate "2012.04.02"]
[EventType "swiss"]
[EventRounds "9"]
[EventCountry "ESP"]
[Source "lmi"]
[SourceDate "2012.04.02"]

1. d4 Nf6 2. c4 e6 3. Nc3 Bb4 4. f3 d5 5. a3 Bxc3+ 6. bxc3 b6 7. cxd5 exd5 8.
e3 O-O 9. Bd3 c5 10. Ne2 Re8 11. O-O Ba6 12. Bxa6 Nxa6 13. Qd3 Nc7 14. Bd2 Qd7
15. Be1 Qb5 16. Qd2 Qc6 17. Bh4 Nd7 18. Bg3 Rac8 19. Rac1 Nb5 20. c4 dxc4 21.
d5 Qh6 22. Bf4 g5 23. Bg3 Qg6 24. e4 f5 25. exf5 Qxf5 26. Rxc4 Nxa3 27. Re4 Nf6
28. Nc3 b5 29. Rfe1 Nxe4 30. fxe4 Qg6 31. d6 Rcd8 32. Qd5+ Kg7 33. Qxc5 Nc4 34.
Nxb5 Nb6 35. e5 Nd7 36. Qd4 Kh6 37. Nc7 Re6 38. Qd5 Rde8 39. Nxe8 Qxe8 40. h4
g4 41. Bf4+ Kg7 42. Rc1 Nxe5 43. Qd4 Kf6 1/2-1/2

[Event "5. Open Memorial Pedro Lezcano 2012"]
[Site "Gran Canaria ESP"]
[Date "2012.04.05"]
[Round "4.5"]
[White "Joie, Sebastien"]
[Black "Herraiz Hidalgo, Herminio"]
[Result "1/2-1/2"]
[WhiteElo "2320"]
[BlackElo "2485"]
[PlyCount "64"]
[EventDate "2012.04.02"]
[EventType "swiss"]
[EventRounds "9"]
[EventCountry "ESP"]
[Source "lmi"]
[SourceDate "2012.04.02"]

1. d4 Nf6 2. Nf3 g6 3. g3 Bg7 4. Bg2 O-O 5. O-O d6 6. c4 Nbd7 7. b3 Re8 8. Bb2
e5 9. dxe5 Ng4 10. Nc3 dxe5 11. h3 Nh6 12. e4 c6 13. Qd2 Nf8 14. Qxd8 Rxd8 15.
Rfd1 Be6 16. Rxd8 Rxd8 17. Rd1 Rxd1+ 18. Nxd1 f6 19. Ne1 Nd7 20. Nd3 Nf7 21.
Kf1 Bf8 22. Ke2 Nc5 23. h4 Bd7 24. Nxc5 Bxc5 25. Bc3 Bd6 26. f3 Nd8 27. Nf2 Kf7
28. Bh3 Bxh3 29. Nxh3 Ne6 30. Nf2 Bc5 31. Nd3 Bd4 32. Bxd4 Nxd4+ 1/2-1/2

[Event "5. Open Memorial Pedro Lezcano 2012"]
[Site "Gran Canaria ESP"]
[Date "2012.04.05"]
[Round "4.6"]
[White "Vera Gonzalez-Quevedo, Reynaldo"]
[Black "Robin, Samy"]
[Result "1-0"]
[WhiteElo "2482"]
[BlackElo "2298"]
[PlyCount "55"]
[EventDate "2012.04.02"]
[EventType "swiss"]
[EventRounds "9"]
[EventCountry "ESP"]
[Source "lmi"]
[SourceDate "2012.04.02"]

1. d4 Nf6 2. Nf3 g6 3. c4 Bg7 4. Nc3 O-O 5. e4 d6 6. Be2 e5 7. O-O Nc6 8. d5
Ne7 9. b4 a5 10. Ba3 axb4 11. Bxb4 Nd7 12. a4 Nc5 13. a5 Na6 14. Ba3 f5 15. Nd2
fxe4 16. Ndxe4 Nf5 17. c5 Nxc5 18. Nxc5 dxc5 19. Bxc5 Re8 20. Ne4 b6 21. Bb4
Bb7 22. Bb5 Qh4 23. Re1 Red8 24. g3 Qh5 25. Be2 Qxe2 26. Qxe2 Nd4 27. Qd3 Rxd5
28. axb6 1-0

[Event "5. Open Memorial Pedro Lezcano 2012"]
[Site "Gran Canaria ESP"]
[Date "2012.04.05"]
[Round "4.7"]
[White "Valles, Manuel"]
[Black "Barlov, Dragan"]
[Result "0-1"]
[WhiteElo "2260"]
[BlackElo "2443"]
[PlyCount "72"]
[EventDate "2012.04.02"]
[EventType "swiss"]
[EventRounds "9"]
[EventCountry "ESP"]
[Source "lmi"]
[SourceDate "2012.04.02"]

1. d4 Nf6 2. g3 g6 3. Bg2 Bg7 4. e4 d6 5. Ne2 O-O 6. O-O Nc6 7. Nbc3 e5 8. h3
exd4 9. Nxd4 Bd7 10. Nde2 Re8 11. g4 Rb8 12. Ng3 Bc8 13. Bg5 h6 14. Be3 b6 15.
Qd2 Ba6 16. Rfe1 Kh7 17. g5 Ng8 18. h4 Ne5 19. b3 Ng4 20. Bf4 f6 21. Rad1 fxg5
22. hxg5 hxg5 23. Be3 Nxe3 24. Qxe3 Be5 25. Nd5 Bb7 26. c4 Kg7 27. Ne2 Nh6 28.
Nd4 c6 29. Nb4 Rc8 30. Ne2 Qf6 31. Nd3 Bh2+ 32. Kf1 Rf8 33. Qh3 Be5 34. Kg1
Rcd8 35. Rf1 Bc8 36. Qe3 Ng4 0-1

[Event "5. Open Memorial Pedro Lezcano 2012"]
[Site "Gran Canaria ESP"]
[Date "2012.04.05"]
[Round "4.8"]
[White "Larino Nieto, David"]
[Black "Gonzalez Diaz, Julio"]
[Result "1/2-1/2"]
[WhiteElo "2442"]
[BlackElo "2232"]
[PlyCount "106"]
[EventDate "2012.04.02"]
[EventType "swiss"]
[EventRounds "9"]
[EventCountry "ESP"]
[Source "lmi"]
[SourceDate "2012.04.02"]

1. e4 g6 2. Nc3 Bg7 3. g3 d6 4. Bg2 c6 5. d3 e5 6. f4 Ne7 7. Nf3 Bg4 8. h3 Bxf3
9. Qxf3 Nd7 10. O-O f5 11. fxe5 Nxe5 12. Qe2 O-O 13. Bg5 Qd7 14. Rf4 Rae8 15.
Qf2 fxe4 16. Nxe4 Nf5 17. g4 Nd4 18. Nf6+ Bxf6 19. Rxf6 Ne6 20. Bh6 Rxf6 21.
Qxf6 Qe7 22. Rf1 Qxf6 23. Rxf6 g5 24. Be4 Nf7 25. Kh2 d5 26. Bf5 Nd4 27. c3
Nxf5 28. gxf5 Re2+ 29. Kg3 Rxb2 30. Re6 Nxh6 31. Rxh6 Rxa2 32. Rd6 Kf7 33. Kg4
Rg2+ 34. Kf3 Rd2 35. Kg4 a5 36. Rd7+ Kf6 37. Rd6+ Kf7 38. Rd7+ Kf6 39. Rd6+ Ke7
40. Rh6 a4 41. Kxg5 Rg2+ 42. Kf4 a3 43. Rxh7+ Kf6 44. Rxb7 Rc2 45. Ra7 Rxc3 46.
Ra6 a2 47. Rxa2 Rxd3 48. Rc2 Rd4+ 49. Kf3 Kxf5 50. Rxc6 Rd3+ 51. Kg2 Rd2+ 52.
Kf3 Rd3+ 53. Kg2 Rd2+ 1/2-1/2

[Event "5. Open Memorial Pedro Lezcano 2012"]
[Site "Gran Canaria ESP"]
[Date "2012.04.05"]
[Round "4.9"]
[White "Fernandez Garcia, Jose Luis"]
[Black "Meneses Gonzalez, Kevin Moises"]
[Result "1/2-1/2"]
[WhiteElo "2414"]
[BlackElo "2248"]
[PlyCount "27"]
[EventDate "2012.04.02"]
[EventType "swiss"]
[EventRounds "9"]
[EventCountry "ESP"]
[Source "lmi"]
[SourceDate "2012.04.02"]

1. e4 e5 2. Nf3 Nc6 3. Bb5 a6 4. Ba4 Nf6 5. O-O Be7 6. Re1 b5 7. Bb3 O-O 8. c3
d6 9. h3 Re8 10. Ng5 Rf8 11. Nf3 Re8 12. Ng5 Rf8 13. Nf3 Re8 14. Ng5 1/2-1/2

[Event "5. Open Memorial Pedro Lezcano 2012"]
[Site "Gran Canaria ESP"]
[Date "2012.04.05"]
[Round "4.11"]
[White "Hernando Rodrigo, Jose Maria"]
[Black "Garcia Blanco, Omar"]
[Result "1/2-1/2"]
[WhiteElo "2326"]
[BlackElo "2205"]
[PlyCount "104"]
[EventDate "2012.04.02"]
[EventType "swiss"]
[EventRounds "9"]
[EventCountry "ESP"]
[Source "lmi"]
[SourceDate "2012.04.02"]

1. d4 Nf6 2. c4 c5 3. d5 b5 4. cxb5 a6 5. bxa6 g6 6. Nc3 Bxa6 7. Nf3 d6 8. e4
Bxf1 9. Kxf1 Nbd7 10. h3 Bg7 11. g3 O-O 12. Kg2 Qa5 13. Re1 Rfb8 14. e5 dxe5
15. Nxe5 Nxe5 16. Rxe5 Rb7 17. Re2 Rd8 18. Bf4 Rbd7 19. Qc2 c4 20. Kh2 Nxd5 21.
Nxd5 Qxd5 22. Rc1 Rc8 23. Rd2 Qb5 24. Rxd7 Qxd7 25. b4 Qb5 26. a3 h5 27. h4 Bf6
28. Be3 c3 29. Qb3 Rc4 30. Rc2 Kg7 31. Bg5 Bxg5 32. hxg5 h4 33. Rxc3 hxg3+ 34.
Rxg3 Rh4+ 35. Kg2 Rh5 36. Qc3+ Kg8 37. Qc8+ Kg7 38. Qc5 Qe2 39. Qd4+ Kg8 40.
Qd8+ Kh7 41. Qd5 Kg8 42. Rf3 Rh7 43. Qd8+ Kg7 44. Qd4+ Kg8 45. Rc3 Qe6 46. Re3
Qc6+ 47. Qe4 Qc1 48. Kg3 Qg1+ 49. Qg2 Qc1 50. Qd5 Qg1+ 51. Qg2 Qc1 52. Qd5 Qg1+
1/2-1/2

[Event "5. Open Memorial Pedro Lezcano 2012"]
[Site "Gran Canaria ESP"]
[Date "2012.04.05"]
[Round "4.12"]
[White "Vega Gutierrez, Belinda"]
[Black "Reinaldo Castineira, Roi"]
[Result "0-1"]
[WhiteElo "2177"]
[BlackElo "2470"]
[PlyCount "78"]
[EventDate "2012.04.02"]
[EventType "swiss"]
[EventRounds "9"]
[EventCountry "ESP"]
[Source "lmi"]
[SourceDate "2012.04.02"]

1. e4 e5 2. Nf3 Nc6 3. Bb5 Nd4 4. Bc4 d6 5. c3 Nxf3+ 6. Qxf3 Nf6 7. d4 Be7 8.
O-O O-O 9. h3 c6 10. Bd3 Re8 11. Nd2 Bf8 12. b3 a5 13. a4 g6 14. dxe5 dxe5 15.
Nc4 Nd7 16. Rd1 Qc7 17. Bc2 Nc5 18. Ne3 h5 19. g4 hxg4 20. Nxg4 Bxg4 21. hxg4
Ne6 22. Kg2 Nf4+ 23. Bxf4 exf4 24. Rd3 Rad8 25. Rad1 Bd6 26. R1d2 Be5 27. Qd1
Rxd3 28. Rxd3 Qe7 29. Rd7 f3+ 30. Kxf3 Qh4 31. Ke3 Bf4+ 32. Kd3 Qxf2 33. Qe2
Qg3+ 34. Kc4 Be5 35. Bd3 Rb8 36. Qf1 b5+ 37. axb5 cxb5+ 38. Kd5 Bf4 39. c4
Qxd3+ 0-1